Statistics for 4-Letter Tug of Words #1

Click here to take the quiz!

General Stats

  • This quiz has been taken 51 times
  • The average score is 11 of 15

Answer Stats

HintAnswer% Correct
Snails without shellsSlug
98%
A device for making an electrical connectionPlug
89%
A fruitPlum
87%
Comfortable, warm, and cozySnug
87%
Sad and drearyGlum
82%
A molluskClam
76%
An action involving the handsClap
76%
Attractive and fascinatingGlam
76%
A group of people with a strong common interest.Clan
73%
Of poor qualityCrap
67%
Make readyPrep
62%
Equipment on stageProp
62%
Cut shortCrop
60%
Look quicklyPeep
58%
Flow or leakSeep
53%

Score Distribution

Percentile by Number Answered

Percent of People with Each Score

Your Score History

You have not taken this quiz